000 00485nam a2200181Ia 4500
008 240925s9999 xx 000 0 und d
020 _a70652481
082 _a004. TAI
100 _aTrainor, Tuimothy N.; Krasnewich, Diane
245 0 _aComputers
250 _a4th
260 _aNA
_bNot Available
_c,1994.
300 _axix,750p.
_bNA
_fOriginal
500 _aIncludes Index
600 _aComputer Science
650 _aComputer science, information & general works
942 _cBK
999 _c2512
_d2512